[Event "Hastings Masters 2019/20"]
[Site "Hastings"]
[Date "2020.01.02"]
[Round "6.3"]
[White "Hebden, Mark L"]
[Black "Howell, David W L"]
[Result "1-0"]
[WhiteElo "2433"]
[BlackElo "2676"]
[PlyCount "175"]
[EventDate "2019.12.28"]
[EventType "swiss"]
[EventRounds "9"]
[EventCountry "ENG"]

1. d4 e6 2. Nf3 c5 3. e4 cxd4 4. Nxd4 Nc6 5. Nc3 Qc7 6. Be3 a6 7. Be2 Nf6 8.
O-O Be7 9. f4 d6 10. Qe1 O-O 11. Kh1 Nxd4 12. Bxd4 b5 13. Qg3 Bb7 14. a3 Bc6
15. Rae1 Qb7 16. e5 dxe5 17. fxe5 Nd7 18. Be3 Bc5 19. Nd1 Be4 20. Bf3 Bxf3 21.
Rxf3 Bxe3 22. Nxe3 Rad8 23. Ng4 Kh8 24. Qh4 Qc7 25. c3 Qc4 26. Qh5 Nc5 27. Nf6
h6 28. Ng4 Qe4 29. Ref1 Qh7 30. Rxf7 Rxf7 31. Qxf7 Qd3 32. Kg1 Qe2 33. h3 Ne4
34. Qf3 Rd2 35. Qxe2 Rxe2 36. Nf2 Ng3 37. Rb1 Rxe5 38. Nd3 Re2 39. Nf4 Re4 40.
Kf2 Nf5 41. Nd3 a5 42. g4 Nd6 43. Rd1 Nf7 44. Nc5 Re5 45. b4 axb4 46. cxb4 Ng5
47. Rd3 Ne4+ 48. Nxe4 Rxe4 49. Re3 Rc4 50. Rxe6 Kg8 51. Ke2 Kf7 52. Re3 Kf6 53.
Kd2 Rf4 54. Kc2 Rd4 55. Rf3+ Kg5 56. Rf5+ Kh4 57. Rxb5 Kxh3 58. a4 Rd8 59. a5
Ra8 60. Rb6 g5 61. Rxh6+ Kxg4 62. Kb3 Kf5 63. Rh7 Rg8 64. a6 g4 65. a7 g3 66.
Rg7 Rxg7 67. a8=Q g2 68. Qf3+ Ke6 69. Qe3+ Kf5 70. Qg1 Ke4 71. b5 Kf3 72. b6
Rh7 73. Qd1+ Ke3 74. Qc1+ Kf3 75. Qc6+ Kf2 76. Qc2+ Kf3 77. Qf5+ Ke3 78. Qg4
Kf2 79. Qf4+ Kg1 80. Qe4 Rh3+ 81. Kc2 Kf2 82. Qd4+ Kf1 83. Qf4+ Ke1 84. Qg4 Kf2
85. Qxh3 g1=Q 86. Qf5+ Ke1 87. Qe5+ Kf1 88. Qa1+ 1-0

[Event "Hastings Masters 2019/20"]
[Site "Hastings"]
[Date "2020.01.02"]
[Round "6.4"]
[White "Sengupta, Deep"]
[Black "Lalic, Bogdan"]
[Result "1/2-1/2"]
[WhiteElo "2564"]
[BlackElo "2414"]
[PlyCount "216"]
[EventDate "2019.12.28"]
[EventType "swiss"]
[EventRounds "9"]
[EventCountry "ENG"]

1. e4 c5 2. Nf3 g6 3. d4 cxd4 4. Nxd4 Nc6 5. c4 Nf6 6. Nc3 Nxd4 7. Qxd4 d6 8.
Be2 Bg7 9. Be3 O-O 10. Qd2 a5 11. O-O a4 12. f3 Qa5 13. Rab1 Be6 14. Rfc1 Rfc8
15. b4 axb3 16. axb3 Qb4 17. Qc2 Nd7 18. Nb5 Ne5 19. Kh1 Nc6 20. Bf1 Qa5 21.
Qd1 Qd8 22. Qd2 Qa5 23. Qd1 Qd8 24. Qe1 Qa5 25. b4 Qd8 26. Rd1 Qf8 27. Nc3 Ne5
28. c5 Nc4 29. Bxc4 Bxc4 30. Nd5 Bxd5 31. Rxd5 Be5 32. f4 Bg7 33. Rbd1 Qe8 34.
Bf2 dxc5 35. Bxc5 e6 36. R5d3 Bf8 37. Bxf8 Qxf8 38. Rd7 b5 39. f5 exf5 40. exf5
Rd8 41. h3 Rxd7 42. Rxd7 Qc8 43. Qd2 Qc6 44. Kh2 Rc8 45. Qd4 Qc4 46. Qd6 Re8
47. f6 h5 48. Re7 Rc8 49. Qd2 Kh7 50. Qg5 Rf8 51. Qd2 Rc8 52. Qd6 Kh6 53. Rb7
g5 54. Qe5 Qxb4 55. Rxf7 Qf4+ 56. Qxf4 gxf4 57. Rb7 Rf8 58. f7 b4 59. Kg1 b3
60. Kf2 b2 61. Rxb2 Rxf7 62. Rb5 Kg6 63. h4 Rf5 64. Rb4 Ra5 65. Kf3 Ra2 66. Rc4
Rb2 67. Ra4 Rc2 68. Rxf4 Rc3+ 69. Kf2 Rc2+ 70. Kg3 Rc3+ 71. Kh2 Ra3 72. Rf2 Rb3
73. Rf3 Rb4 74. Kh3 Ra4 75. Rb3 Kh6 76. Rb2 Ra3+ 77. g3 Ra6 78. Kg2 Kg6 79. Rb3
Rf6 80. Rd3 Rf5 81. Rd6+ Kg7 82. Rd4 Kg6 83. Re4 Rf6 84. Rf4 Ra6 85. Rf2 Ra3
86. Rd2 Rb3 87. Rd6+ Kg7 88. Kf2 Ra3 89. Re6 Rb3 90. Re3 Rb2+ 91. Kf3 Kf6 92.
Rd3 Rb6 93. Rd4 Kf5 94. Rd5+ Kg6 95. Rg5+ Kh6 96. Re5 Kg6 97. Kf4 Rf6+ 98. Ke4
Ra6 99. Rg5+ Kh6 100. Rd5 Rg6 101. Kf4 Rg4+ 102. Kf3 Kg6 103. Re5 Ra4 104. Re6+
Kg7 105. Re4 Ra3+ 106. Kf4 Kf6 107. Rd4 Ra6 108. g4 hxg4 1/2-1/2

[Event "Hastings Masters 2019/20"]
[Site "Hastings"]
[Date "2020.01.02"]
[Round "6.7"]
[White "Vaishali, Ramesh Babu"]
[Black "Petrov, Martin"]
[Result "0-1"]
[WhiteElo "2376"]
[BlackElo "2497"]
[PlyCount "62"]
[EventDate "2019.12.28"]
[EventType "swiss"]
[EventRounds "9"]
[EventCountry "ENG"]

1. e4 c5 2. Nf3 d6 3. Bb5+ Nd7 4. O-O a6 5. Bd3 Ngf6 6. Re1 e6 7. c3 b5 8. Bc2
Bb7 9. d4 Be7 10. e5 dxe5 11. dxe5 Nd5 12. Nbd2 Qc7 13. c4 Nb4 14. Bb1 Nc6 15.
Qe2 g5 16. Nb3 g4 17. Ng5 bxc4 18. Qxc4 Ncxe5 19. Qf4 Rg8 20. Ne4 f5 21. Ng3
Qc6 22. f3 Bg5 23. Na5 Bxf4 24. Nxc6 Bxg3 25. hxg3 Nxc6 26. Rxe6+ Kf7 27. Bxf5
Nd4 28. Rd6 Nf6 29. Bxg4 Rae8 30. Bd2 Re2 31. Re1 Rxg4 0-1

[Event "Hastings Masters 2019/20"]
[Site "Hastings"]
[Date "2020.01.02"]
[Round "6.8"]
[White "Swayams, Mishra"]
[Black "Wadsworth, Matthew J"]
[Result "0-1"]
[WhiteElo "2479"]
[BlackElo "2401"]
[PlyCount "118"]
[EventDate "2019.12.28"]
[EventType "swiss"]
[EventRounds "9"]
[EventCountry "ENG"]

1. d4 Nf6 2. Nf3 c5 3. d5 e6 4. Nc3 d6 5. e4 exd5 6. exd5 Be7 7. h3 O-O 8. Bc4
Na6 9. O-O Nc7 10. Bf4 a6 11. a4 b6 12. Re1 Re8 13. g4 Rb8 14. Bh2 b5 15. axb5
axb5 16. Bf1 b4 17. Ne4 Nfxd5 18. c4 bxc3 19. bxc3 Bb7 20. Bg2 Bf8 21. Qd2 Ne3
22. Nxd6 Bxd6 23. Qxd6 Nxg2 24. Rxe8+ Nxe8 25. Qxb8 Qxb8 26. Bxb8 Bxf3 27. Ra5
g5 28. Rxc5 f6 29. c4 Kf7 30. Ra5 Ng7 31. Ra3 Nh4 32. Bg3 Be4 33. Ra7+ Kf8 34.
f4 h5 35. f5 hxg4 36. hxg4 Bf3 37. Ra6 Ne8 38. c5 Bxg4 39. Bxh4 gxh4 40. Ra4
Bxf5 41. Rxh4 Ke7 42. Kf2 Nc7 43. Rb4 Nd5 44. Rb7+ Ke6 45. Kf3 Ke5 46. Ra7 Be4+
47. Kg4 Ne3+ 48. Kg3 Nf5+ 49. Kg4 Nd4 50. Kh5 Ne6 51. Ra5 Bc6 52. Kg4 f5+ 53.
Kh5 f4 54. Kg4 Nd4 55. Ra7 Bd5 56. Kh3 Ke4 57. Re7+ Kf3 58. Kh2 Kf2 59. Re8 Bg2
0-1

[Event "Hastings Masters 2019/20"]
[Site "Hastings"]
[Date "2020.01.02"]
[Round "6.9"]
[White "Akeya-Price, Robert"]
[Black "Bagi, Mate"]
[Result "0-1"]
[WhiteElo "1880"]
[BlackElo "2469"]
[PlyCount "28"]
[EventDate "2019.12.28"]
[EventType "swiss"]
[EventRounds "9"]
[EventCountry "ENG"]

1. Nf3 Nf6 2. c4 c5 3. g3 d5 4. d4 cxd4 5. Nxd4 e5 6. Nf3 Nc6 7. cxd5 Qxd5 8.
Qxd5 Nxd5 9. a3 e4 10. Nfd2 Nd4 11. Kd1 e3 12. Nc4 Nb3 13. Ra2 Bf5 14. Nc3 Rd8
0-1

[Event "Hastings Masters 2019/20"]
[Site "Hastings"]
[Date "2020.01.02"]
[Round "6.10"]
[White "Flear, Glenn C"]
[Black "Grieve, Harry"]
[Result "1/2-1/2"]
[WhiteElo "2440"]
[BlackElo "2299"]
[PlyCount "116"]
[EventDate "2019.12.28"]
[EventType "swiss"]
[EventRounds "9"]
[EventCountry "ENG"]

1. d4 f5 2. g3 Nf6 3. Bg2 g6 4. Nf3 Bg7 5. O-O O-O 6. b3 d6 7. Bb2 Ne4 8. Nbd2
Nc6 9. c4 Nxd2 10. Qxd2 e5 11. dxe5 dxe5 12. Qd5+ Kh8 13. Qxd8 Rxd8 14. Rad1 e4
15. Rxd8+ Nxd8 16. Bxg7+ Kxg7 17. Nd4 Kf6 18. f3 exf3 19. exf3 f4 20. gxf4 Ne6
21. Nxe6 Bxe6 22. Rd1 a5 23. a4 Ra6 24. Kf2 Bf5 25. Bf1 Rd6 26. Be2 Bc2 27. Rc1
Bxb3 28. Rb1 Rb6 29. c5 Rb4 30. Bd1 Bxd1 31. Rxd1 Ke7 32. c6 bxc6 33. Kg3 h6
34. Re1+ Kd6 35. Rd1+ Ke6 36. Re1+ Kd6 37. Rd1+ Kc5 38. Rd7 Kb6 39. Rg7 Rxa4
40. Rxg6 Rd4 41. f5 Rd8 42. Kf4 a4 43. f6 a3 44. Kf5 Kb5 45. f7 a2 46. Rg1 Kb4
47. Ke6 c5 48. Ke7 Ra8 49. f8=Q Rxf8 50. Kxf8 c4 51. f4 c3 52. f5 Kb3 53. f6
Kb2 54. f7 a1=Q 55. Rxa1 Kxa1 56. Kg8 c2 57. f8=Q c1=Q 58. Qa8+ Kb1 1/2-1/2

[Event "Hastings Masters 2019/20"]
[Site "Hastings"]
[Date "2020.01.02"]
[Round "6.11"]
[White "Williams, Simon K"]
[Black "Balaji, Aaravamudhan"]
[Result "1-0"]
[WhiteElo "2461"]
[BlackElo "2050"]
[PlyCount "67"]
[EventDate "2019.12.28"]
[EventType "swiss"]
[EventRounds "9"]
[EventCountry "ENG"]

1. d4 Nf6 2. Nc3 g6 3. Bf4 Bg7 4. e4 d5 5. e5 Ne4 6. Nxe4 dxe4 7. Bc4 c5 8.
dxc5 Qa5+ 9. c3 Qxc5 10. Qd5 Qxd5 11. Bxd5 Nc6 12. Bxe4 Nxe5 13. Nf3 Nxf3+ 14.
Bxf3 e5 15. Be3 f5 16. Bd5 f4 17. Bc5 Bf8 18. Bxf8 Kxf8 19. O-O-O Ke7 20. Rhe1
Kf6 21. Bf3 Rb8 22. Rd6+ Be6 23. Bg4 Rhe8 24. g3 g5 25. h4 Kf7 26. Bh5+ Ke7 27.
Rd2 Rg8 28. Rxe5 Kf6 29. Re1 gxh4 30. Rd6 Kg5 31. Re5+ Bf5 32. g4 Rbf8 33. Rdd5
h3 34. Rxf5+ 1-0

[Event "Hastings Masters 2019/20"]
[Site "Hastings"]
[Date "2020.01.02"]
[Round "6.12"]
[White "Arkell, Keith C"]
[Black "Unnikrishnan, Midhun P"]
[Result "1-0"]
[WhiteElo "2453"]
[BlackElo "2135"]
[PlyCount "147"]
[EventDate "2019.12.28"]
[EventType "swiss"]
[EventRounds "9"]
[EventCountry "ENG"]

1. c4 c5 2. Nc3 g6 3. a3 Bg7 4. b4 Nf6 5. Bb2 d6 6. bxc5 dxc5 7. Nd5 Nbd7 8.
Nxf6+ Bxf6 9. Bxf6 Nxf6 10. Nf3 O-O 11. g3 Qc7 12. d3 Bd7 13. Bg2 Bc6 14. O-O
Nd7 15. Rb1 Rab8 16. Re1 Rfc8 17. Qd2 Ne5 18. Nxe5 Qxe5 19. Rb3 Bxg2 20. Kxg2
Qc7 21. Reb1 Qc6+ 22. Kg1 Rc7 23. Qb2 f6 24. a4 Qd7 25. a5 Qc6 26. Rb5 Qd7 27.
Qc1 Qc6 28. Qb2 Qd7 29. Qb3 Kg7 30. Rb2 Qc6 31. f4 Qd7 32. Qd1 Rd8 33. Qf1 Qc6
34. Qg2 Qxg2+ 35. Kxg2 Rdd7 36. g4 e6 37. Kf3 Kf7 38. h4 Kg7 39. Rb1 h6 40. g5
fxg5 41. hxg5 h5 42. R5b3 Kf7 43. Ke4 Ke7 44. Ke5 Kf7 45. e3 Re7 46. d4 cxd4
47. exd4 Red7 48. Rb4 Ke7 49. Ke4 Kd6 50. c5+ Ke7 51. R4b3 Kf7 52. Rb5 Ke7 53.
R1b4 Kf7 54. a6 bxa6 55. Rb8 a5 56. R4b5 a4 57. Ra5 Rb7 58. Rxb7 Rxb7 59. Rxa4
Ke7 60. Ra6 Rd7 61. c6 Rc7 62. Ke5 h4 63. Ra3 Kd8 64. Kd6 Rf7 65. Rb3 Kc8 66.
Re3 Rxf4 67. d5 Rf8 68. Rxe6 h3 69. Re7 Rd8+ 70. Kc5 Rh8 71. Rxa7 Kb8 72. Rb7+
Ka8 73. Rb1 h2 74. c7 1-0

[Event "Hastings Masters 2019/20"]
[Site "Hastings"]
[Date "2020.01.02"]
[Round "6.13"]
[White "Persson, Andreas"]
[Black "Fishbein, Alexander"]
[Result "0-1"]
[WhiteElo "2112"]
[BlackElo "2435"]
[PlyCount "112"]
[EventDate "2019.12.28"]
[EventType "swiss"]
[EventRounds "9"]
[EventCountry "ENG"]

1. d4 Nf6 2. Nf3 g6 3. g3 Bg7 4. Bg2 O-O 5. O-O d6 6. b3 a5 7. Bb2 a4 8. c4 c5
9. Re1 Qb6 10. d5 Bf5 11. Nfd2 Re8 12. Qc1 Bxb1 13. Qxb1 axb3 14. axb3 Na6 15.
Bc3 Nd7 16. Bxg7 Kxg7 17. Qb2+ Kg8 18. h4 Nf6 19. e4 Nb4 20. Qc3 Ra2 21. Rxa2
Nxa2 22. Qb2 Nb4 23. Ra1 Rb8 24. Bf1 Qd8 25. e5 dxe5 26. Qxe5 Qd6 27. Qc3 Re8
28. Bg2 b6 29. Bf3 e5 30. Kg2 Qe7 31. Re1 Nd7 32. Ne4 f5 33. Ng5 e4 34. Be2 Nf8
35. Ra1 h6 36. Ne6 Nxe6 37. dxe6 Qg7 38. Qc1 Nc2 39. Ra6 Nd4 40. Bd1 e3 41.
Rxb6 e2 42. Bxe2 Nxe2 43. Qa3 Qe7 44. Qa6 Nd4 45. Kh3 Nxe6 46. Rb7 Qf6 47. Qb5
Re7 48. Rb8+ Kg7 49. Qa5 f4 50. g4 h5 51. gxh5 Qf5+ 52. Kh2 Qxh5 53. Qa8 Qxh4+
54. Kg1 Qg4+ 55. Kf1 Qh3+ 56. Kg1 f3 0-1

[Event "Hastings Masters 2019/20"]
[Site "Hastings"]
[Date "2020.01.02"]
[Round "6.15"]
[White "Murphy, Conor E"]
[Black "De Coverly, Roger D"]
[Result "1-0"]
[WhiteElo "2407"]
[BlackElo "1986"]
[PlyCount "75"]
[EventDate "2019.12.28"]
[EventType "swiss"]
[EventRounds "9"]
[EventCountry "ENG"]

1. e4 e5 2. Nf3 Nc6 3. Bc4 Nf6 4. d3 Be7 5. O-O O-O 6. Re1 d6 7. a4 h6 8. a5 a6
9. c3 Bg4 10. Nbd2 Na7 11. h3 Bxf3 12. Nxf3 c5 13. Nh4 Kh7 14. Qb3 Nxe4 15.
dxe4 Bxh4 16. g3 Bg5 17. Qxb7 Bxc1 18. Rexc1 Nb5 19. Bxb5 axb5 20. Qxb5 Qg5 21.
a6 f5 22. exf5 Qxf5 23. Qe2 Qxh3 24. b4 Qc8 25. b5 Qc7 26. Qe4+ Kh8 27. Rcb1
Qb6 28. c4 Ra7 29. Ra3 Rb8 30. Kg2 Qd8 31. Rd1 Rb6 32. Qxe5 Qf8 33. Qd5 Qf6 34.
Rf3 Qd8 35. Rf7 Rxf7 36. Qxf7 Qa8+ 37. Qd5 Qa7 38. Rd3 1-0

[Event "Hastings Masters 2019/20"]
[Site "Hastings"]
[Date "2020.01.02"]
[Round "6.16"]
[White "Flear, Christine"]
[Black "Petrov, Vladimir Sergeev"]
[Result "0-1"]
[WhiteElo "2035"]
[BlackElo "2355"]
[PlyCount "74"]
[EventDate "2019.12.28"]
[EventType "swiss"]
[EventRounds "9"]
[EventCountry "ENG"]

1. d4 Nf6 2. Nf3 e6 3. g3 d5 4. Bg2 c5 5. O-O cxd4 6. Nxd4 e5 7. Nb3 Nc6 8. Bg5
Be6 9. Nc3 d4 10. Ne4 Be7 11. Bxf6 Bxf6 12. Nbc5 Bc8 13. c3 Be7 14. cxd4 f5 15.
Nd2 Qxd4 16. Ndb3 Qxd1 17. Rfxd1 e4 18. f3 a5 19. Na4 O-O 20. fxe4 fxe4 21. Nb6
Rb8 22. Bxe4 Bf6 23. Rab1 Bg4 24. Nd7 Bxd7 25. Rxd7 Rbe8 26. Bd5+ Kh8 27. Bxc6
bxc6 28. Nxa5 Rxe2 29. b4 Bg5 30. Nxc6 Rff2 31. Rb3 Rg2+ 32. Kf1 Ref2+ 33. Ke1
Rxa2 34. Kf1 Rxh2 35. Kg1 Rhc2 36. Rf3 Ra1+ 37. Rf1 Be3+ 0-1

[Event "Hastings Masters 2019/20"]
[Site "Hastings"]
[Date "2020.01.02"]
[Round "6.17"]
[White "Willow, Jonah B"]
[Black "Burrows, Nick"]
[Result "1-0"]
[WhiteElo "2355"]
[BlackElo "1952"]
[PlyCount "57"]
[EventDate "2019.12.28"]
[EventType "swiss"]
[EventRounds "9"]
[EventCountry "ENG"]

1. e4 e6 2. d4 d5 3. Nd2 Nf6 4. e5 Nfd7 5. c3 c5 6. f4 Nc6 7. Ndf3 cxd4 8. cxd4
a5 9. Bd3 a4 10. Ne2 Bb4+ 11. Kf2 Nb6 12. Rf1 Bd7 13. Kg1 Nc4 14. f5 exf5 15.
Nf4 Nb6 16. Nh5 Bf8 17. Bg5 Qc7 18. Qc2 h6 19. Bh4 g5 20. Nf6+ Kd8 21. Bf2 Nb4
22. Qe2 Nxd3 23. Qxd3 Qc4 24. Qb1 Be7 25. Nxd7 Nxd7 26. Qxf5 Rc8 27. Qxf7 g4
28. Qg7 Rf8 29. Qxg4 1-0

[Event "Hastings Masters 2019/20"]
[Site "Hastings"]
[Date "2020.01.02"]
[Round "6.25"]
[White "Price, Gwilym"]
[Black "Gormally, Daniel W"]
[Result "0-1"]
[WhiteElo "2110"]
[BlackElo "2497"]
[PlyCount "44"]
[EventDate "2019.12.28"]
[EventType "swiss"]
[EventRounds "9"]
[EventCountry "ENG"]

1. e4 c5 2. Nc3 d6 3. Nf3 a6 4. d4 cxd4 5. Nxd4 Nf6 6. Bc4 e6 7. a3 Be7 8. O-O
O-O 9. Be3 Nc6 10. f4 d5 11. exd5 exd5 12. Be2 Re8 13. Bf2 Bd6 14. g3 Bh3 15.
Re1 Bc5 16. Nxc6 Bxf2+ 17. Kxf2 bxc6 18. Qd4 c5 19. Qxc5 d4 20. Bf3 dxc3 21.
Rxe8+ Qxe8 22. Re1 Qd8 0-1

[Event "Hastings Masters 2019/20"]
[Site "Hastings"]
[Date "2020.01.02"]
[Round "6.26"]
[White "Rudd, Jack"]
[Black "Okhai, Shabir"]
[Result "1-0"]
[WhiteElo "2331"]
[BlackElo "2103"]
[PlyCount "107"]
[EventDate "2019.12.28"]
[EventType "swiss"]
[EventRounds "9"]
[EventCountry "ENG"]

1. d4 d5 2. c4 e6 3. Nc3 Nf6 4. cxd5 exd5 5. Bg5 Be7 6. Qc2 c6 7. e3 Nbd7 8.
Bd3 Nh5 9. Bxe7 Qxe7 10. Nge2 g6 11. O-O Ndf6 12. Rab1 O-O 13. b4 a6 14. Na4
Ng7 15. Qc5 Re8 16. Nb6 Rb8 17. Qxe7 Rxe7 18. a4 Bf5 19. Bxf5 Nxf5 20. b5 axb5
21. axb5 Rd8 22. Nf4 Nd7 23. bxc6 bxc6 24. Rfc1 Nb8 25. Nd3 Ra7 26. g3 Ne7 27.
Nc5 h5 28. Ra1 Rxa1 29. Rxa1 Nc8 30. Nxc8 Rxc8 31. Ra7 g5 32. Rb7 Kg7 33. h4
gxh4 34. gxh4 Kg6 35. Kf1 f6 36. Ke2 Rg8 37. Kd3 Kf5 38. f3 Rh8 39. Rg7 Re8 40.
e4+ Kf4 41. Ke2 dxe4 42. fxe4 Rxe4+ 43. Nxe4 Kxe4 44. Rb7 Na6 45. Rb6 Nc7 46.
Rxc6 Nd5 47. Re6+ Kf5 48. Re8 Kg4 49. Rg8+ Kxh4 50. Kf3 Kh3 51. Rd8 Ne7 52. d5
h4 53. d6 Nc6 54. Re8 1-0

[Event "Hastings Masters 2019/20"]
[Site "Hastings"]
[Date "2020.01.02"]
[Round "6.38"]
[White "Terentiev, Sergei"]
[Black "Byrn, Carsten"]
[Result "1-0"]
[WhiteElo "2292"]
[BlackElo "1919"]
[PlyCount "55"]
[EventDate "2019.12.28"]
[EventType "swiss"]
[EventRounds "9"]
[EventCountry "ENG"]

1. c4 Nf6 2. Nf3 g6 3. Nc3 d5 4. cxd5 Nxd5 5. h4 h5 6. Qb3 Nxc3 7. Qxc3 Rg8 8.
d4 Nc6 9. a3 Bg7 10. e3 a6 11. Bc4 Qd6 12. Ng5 e6 13. Bd2 b6 14. Rc1 Bb7 15.
Bd3 Rc8 16. Be4 Nd8 17. Bxb7 Nxb7 18. Qc4 Qd5 19. Qxa6 Qxg2 20. Ke2 Nd6 21. Nf3
Qg4 22. Bb4 Kd7 23. Bxd6 Kxd6 24. Qb7 Kd7 25. Rc6 Qf5 26. Rhc1 Qb5+ 27. Ke1
Rge8 28. Rxc7+ 1-0

[Event "Hastings Masters 2019/20"]
[Site "Hastings"]
[Date "2020.01.02"]
[Round "6.52"]
[White "Khoo-Thwe, Louis"]
[Black "Flynn, David"]
[Result "1/2-1/2"]
[WhiteElo "1690"]
[BlackElo "1853"]
[PlyCount "78"]
[EventDate "2019.12.28"]
[EventType "swiss"]
[EventRounds "9"]
[EventCountry "ENG"]

1. e4 e6 2. d4 d5 3. Nd2 Nf6 4. e5 Nfd7 5. Bd3 c5 6. c3 Nc6 7. Ne2 cxd4 8. cxd4
f6 9. f4 f5 10. Nf3 Qb6 11. a3 a5 12. Qc2 Ndb8 13. Nc3 Be7 14. Na4 Qd8 15. Qb3
Nd7 16. Be3 O-O 17. Rc1 Rb8 18. O-O Na7 19. Bb5 Nb6 20. Nc5 Nxb5 21. Qxb5 Nc4
22. Rxc4 dxc4 23. Qxc4 Bxc5 24. dxc5 h6 25. Nd4 Qe7 26. Nb5 Bd7 27. Nd6 Bc6 28.
Rd1 Bd5 29. Rxd5 exd5 30. Qxd5+ Kh7 31. g3 g5 32. Kf2 gxf4 33. Bxf4 Qg7 34. h3
h5 35. h4 Qg4 36. Qe6 Qd1 37. Qh6+ Kg8 38. Qg6+ Kh8 39. Qh6+ Kg8 1/2-1/2

[Event "Hastings Masters 2019/20"]
[Site "Hastings"]
[Date "2020.01.03"]
[Round "7.2"]
[White "Wadsworth, Matthew J"]
[Black "Edouard, Romain"]
[Result "0-1"]
[WhiteElo "2401"]
[BlackElo "2653"]
[PlyCount "90"]
[EventDate "2019.12.28"]
[EventType "swiss"]
[EventRounds "9"]
[EventCountry "ENG"]

1. Nf3 c5 2. b3 d5 3. Bb2 f6 4. c4 d4 5. b4 e5 6. bxc5 Bxc5 7. d3 Nc6 8. g3 f5
9. Bg2 e4 10. Nfd2 e3 11. fxe3 Nf6 12. Bxc6+ bxc6 13. exd4 Bxd4 14. Bxd4 Qxd4
15. Nb3 Qd6 16. Qd2 O-O 17. Nc3 a5 18. Na4 Ng4 19. c5 Qe7 20. O-O Be6 21. Nd4
Bd5 22. Qf4 Rad8 23. Nb6 g5 24. Nxf5 Qxc5+ 25. Qd4 Qxd4+ 26. Nxd4 Rxf1+ 27.
Rxf1 Ne3 28. Nxd5 Nxf1 29. Ne7+ Kh8 30. Ndf5 Nd2 31. Nxc6 Rd5 32. Nfd4 Rc5 33.
a4 Nb1 34. e4 Nc3 35. e5 Kg8 36. Ne7+ Kf7 37. Ndc6 Nxa4 38. d4 Rc1+ 39. Kf2 Nb6
40. Ke3 a4 41. Kd2 Rc4 42. Kd3 a3 43. d5 a2 44. e6+ Kf8 45. Nf5 Rxc6 0-1

[Event "Hastings Masters 2019/20"]
[Site "Hastings"]
[Date "2020.01.03"]
[Round "7.4"]
[White "Van Den Doel, Erik"]
[Black "Lalic, Bogdan"]
[Result "1/2-1/2"]
[WhiteElo "2589"]
[BlackElo "2414"]
[PlyCount "86"]
[EventDate "2019.12.28"]
[EventType "swiss"]
[EventRounds "9"]
[EventCountry "ENG"]

1. e4 e5 2. Nf3 Nf6 3. d4 Nxe4 4. Bd3 Nc6 5. d5 Nc5 6. dxc6 e4 7. cxb7 Bxb7 8.
Be2 exf3 9. Bxf3 Bxf3 10. Qxf3 Be7 11. O-O O-O 12. c4 c6 13. Nc3 Bf6 14. Rb1
Re8 15. b3 Ne6 16. Rd1 Qc7 17. Ne4 Be5 18. g3 Rad8 19. c5 d5 20. cxd6 Bxd6 21.
Ng5 h6 22. Nxe6 Rxe6 23. Be3 Be7 24. Rxd8+ Bxd8 25. Rc1 Bg5 26. Bxg5 hxg5 27.
Rc5 f6 28. Kg2 Qb6 29. Qc3 Rd6 30. Qc4+ Kf8 31. b4 Qb7 32. a4 Qd7 33. b5 cxb5
34. axb5 Qe6 35. Qc2 Kf7 36. h3 Rd7 37. Kh2 Re7 38. Qd1 Qe2 39. Qd5+ Qe6 40.
Qf3 Qe2 41. Qb3+ Qe6 42. Rd5 Kg6 43. Qc2+ Qe4 1/2-1/2

[Event "Hastings Masters 2019/20"]
[Site "Hastings"]
[Date "2020.01.03"]
[Round "7.10"]
[White "Lyell, Mark"]
[Black "Arkell, Keith C"]
[Result "0-1"]
[WhiteElo "2265"]
[BlackElo "2453"]
[PlyCount "112"]
[EventDate "2019.12.28"]
[EventType "swiss"]
[EventRounds "9"]
[EventCountry "ENG"]

1. e4 d5 2. exd5 Qxd5 3. Nc3 Qd8 4. d4 Nf6 5. Bc4 g6 6. Nf3 Bg7 7. Ne5 O-O 8.
Be3 Nbd7 9. Qe2 Nb6 10. Bb3 a5 11. a4 Nbd5 12. Nxd5 Nxd5 13. O-O-O Be6 14. h4
Nxe3 15. Qxe3 Bxb3 16. Qxb3 Qc8 17. f4 Qf5 18. Qe3 h5 19. Rdg1 Rfd8 20. c3 c5
21. dxc5 Bh6 22. g3 Rd5 23. Re1 Rc8 24. c6 bxc6 25. Qe4 Bg7 26. Qxf5 gxf5 27.
Nc4 Rc5 28. Nb6 Rc7 29. Rd1 Rb7 30. Rd8+ Kh7 31. Nd7 Rd5 32. Rd1 Rxd1+ 33. Kxd1
Rxb2 34. Nf8+ Kh6 35. Rc8 e6 36. Nd7 Bxc3 37. Rxc6 Rd2+ 38. Kc1 Rxd7 39. Rxc3
Rd4 40. Ra3 Kg7 41. Kc2 Kf8 42. Kc3 Re4 43. Kd3 Ke7 44. Ra1 Rb4 45. Ke3 f6 46.
Rc1 Rxa4 47. Rc7+ Kf8 48. Ra7 Ra3+ 49. Kf2 a4 50. Ra8+ Ke7 51. Rh8 Kf7 52. Rh7+
Kf8 53. Ra7 Ra1 54. Kg2 a3 55. Kh2 a2 56. Kg2 e5 0-1

[Event "Hastings Masters 2019/20"]
[Site "Hastings"]
[Date "2020.01.03"]
[Round "7.12"]
[White "Fishbein, Alexander"]
[Black "Willow, Jonah B"]
[Result "1-0"]
[WhiteElo "2435"]
[BlackElo "2355"]
[PlyCount "87"]
[EventDate "2019.12.28"]
[EventType "swiss"]
[EventRounds "9"]
[EventCountry "ENG"]

1. d4 d5 2. c4 dxc4 3. e4 Nc6 4. Nf3 Bg4 5. Be3 e6 6. Bxc4 Nf6 7. Nc3 Bb4 8.
Qd3 Qe7 9. Bb5 Bxf3 10. gxf3 O-O 11. Rg1 Rfd8 12. Bxc6 bxc6 13. Qc4 c5 14. dxc5
a5 15. a3 Bxc3+ 16. Qxc3 e5 17. Qc4 a4 18. Bh6 g6 19. Rd1 Rxd1+ 20. Kxd1 Qd7+
21. Ke2 Rb8 22. Rd1 Qh3 23. Qc1 Qxh2 24. Qg5 Rxb2+ 25. Rd2 Rxd2+ 26. Qxd2 Ne8
27. c6 Nd6 28. Bg5 Qh3 29. Be7 Qe6 30. Bxd6 cxd6 31. Qd5 Qc8 32. Qb5 Kf8 33.
Qb7 Qe6 34. Kd3 Qh3 35. Qb8+ Ke7 36. c7 Qxf3+ 37. Kc4 Qe2+ 38. Kb4 Qxe4+ 39.
Ka5 Qd5+ 40. Ka6 Qc6+ 41. Ka7 Qc5+ 42. Qb6 Qc4 43. Kb8 Kd7 44. Qb7 1-0

[Event "Hastings Masters 2019/20"]
[Site "Hastings"]
[Date "2020.01.03"]
[Round "7.13"]
[White "Merry, Alan B"]
[Black "Yao, Lan"]
[Result "1/2-1/2"]
[WhiteElo "2420"]
[BlackElo "2281"]
[PlyCount "95"]
[EventDate "2019.12.28"]
[EventType "swiss"]
[EventRounds "9"]
[EventCountry "ENG"]

1. d4 Nf6 2. c4 e6 3. g3 Bb4+ 4. Bd2 a5 5. Bg2 O-O 6. Nf3 b6 7. O-O Bb7 8. Bf4
Be7 9. Qc2 Be4 10. Qc1 Bb7 11. Nc3 Ne4 12. Nb5 c6 13. Nc3 Nxc3 14. bxc3 d5 15.
Rb1 Nd7 16. Qb2 Ba6 17. cxd5 cxd5 18. a4 Rc8 19. Rfe1 Re8 20. Ne5 Nxe5 21. Bxe5
Rc6 22. e4 Bd3 23. exd5 exd5 24. Rbd1 Bc4 25. h4 Bd6 26. Bh3 Bxe5 27. dxe5 Qc7
28. Qd2 Bb3 29. Rb1 Rxc3 30. e6 d4 31. exf7+ Bxf7 32. Rxe8+ Bxe8 33. Qxd4 Rc1+
34. Rxc1 Qxc1+ 35. Bf1 Qc7 36. Qe4 Qd8 37. Bd3 Bg6 38. Qe6+ Bf7 39. Bxh7+ Kxh7
40. Qxf7 Qd1+ 41. Kh2 Qxa4 42. Qh5+ Kg8 43. Qd5+ Kh7 44. Qd3+ Kh8 45. Qd8+ Kh7
46. Qxb6 Qb4 47. Qe6 a4 48. Qf5+ 1/2-1/2

[Event "Hastings Masters 2019/20"]
[Site "Hastings"]
[Date "2020.01.03"]
[Round "7.14"]
[White "Sucikova, Svetlana"]
[Black "Cherniaev, Alexander"]
[Result "1/2-1/2"]
[WhiteElo "2160"]
[BlackElo "2419"]
[PlyCount "135"]
[EventDate "2019.12.28"]
[EventType "swiss"]
[EventRounds "9"]
[EventCountry "ENG"]

1. c4 e6 2. g3 d5 3. Bg2 g6 4. Nf3 Bg7 5. O-O Ne7 6. e3 O-O 7. Qe2 Nbc6 8. Nc3
a5 9. d4 b6 10. b3 Ba6 11. Bb2 Nf5 12. Rfd1 Nd6 13. Nd2 Ne7 14. Qe1 c6 15. cxd5
exd5 16. Rac1 Bc8 17. Na4 Rb8 18. Nf3 f6 19. Ba3 Be6 20. Nb2 Qd7 21. Nd3 g5 22.
Nd2 Rfe8 23. Qf1 Ng6 24. Re1 h5 25. f4 Nb5 26. Bb2 g4 27. f5 Bxf5 28. Nf4 Nxf4
29. Qxf4 Bg6 30. Kh1 Nd6 31. Ba3 Nb5 32. Bb2 f5 33. a4 Nd6 34. Ba3 Nf7 35. Nf1
Bh6 36. Qf2 Re6 37. Rc3 Rbe8 38. Rec1 Kg7 39. Qe2 Bg5 40. Qa6 Rb8 41. Kg1 h4
42. Rd1 hxg3 43. hxg3 Bf6 44. Rcc1 Ng5 45. Bb2 Qe7 46. Bc3 Rxe3 47. Bd2 Re6 48.
Bf4 Qb7 49. Qd3 Rbe8 50. Ne3 Ne4 51. Nxd5 Bd8 52. Nc3 Bf6 53. Nd5 cxd5 54. Rc7+
Qxc7 55. Bxc7 Rc6 56. Be5 Bxe5 57. dxe5 Rxe5 58. Qd4 Rce6 59. Bxe4 fxe4 60. Rc1
e3 61. Rc7+ Kg8 62. Rc8+ Kg7 63. Rc7+ Kg8 64. Rc8+ Kg7 65. Qf4 Rf5 66. Rc7+ Kf6
67. Qh6 Rfe5 68. Qf4+ 1/2-1/2